GETS Theological Seminary Library

An evangelical Christology: (Record no. 13634)

MARC details
000 -LEADER
fixed length control field 00550nam a2200193Ia 4500
008 - FIXED-LENGTH DATA ELEMENTS--GENERAL INFORMATION
fixed length control field 200819s9999||||xx |||||||||||||| ||und||
020 ## - INTERNATIONAL STANDARD BOOK NUMBER
International Standard Book Number 0840775180
020 ## - INTERNATIONAL STANDARD BOOK NUMBER
International Standard Book Number 9780840775184
041 ## - LANGUAGE CODE
Language code of text/sound track or separate title eng
050 ## - LIBRARY OF CONGRESS CALL NUMBER
Classification number BT202
Item number .R174 1985
100 ## - MAIN ENTRY--PERSONAL NAME
Personal name Ramm, Bernard L.
245 #3 - TITLE STATEMENT
Title An evangelical Christology:
Remainder of title ecumenic & historic /
Statement of responsibility, etc. Bernard L. Ramm
260 ## - PUBLICATION, DISTRIBUTION, ETC.
Place of publication, distribution, etc. Nashville :
Name of publisher, distributor, etc. T. Nelson,
Date of publication, distribution, etc. 1985
300 ## - PHYSICAL DESCRIPTION
Extent 229 p.
Other physical details ;
Dimensions 24 cm.
650 ## - SUBJECT ADDED ENTRY--TOPICAL TERM
Topical term or geographic name entry element Christology.
650 ## - SUBJECT ADDED ENTRY--TOPICAL TERM
Topical term or geographic name entry element Jesus Christ History of doctrines.
650 ## - SUBJECT ADDED ENTRY--TOPICAL TERM
Topical term or geographic name entry element Jesus Christ.
Holdings
Withdrawn status Lost status Damaged status Not for loan Home library Current library Shelving location Date acquired Total Checkouts Full call number Barcode Date last seen Price effective from Koha item type
        GETS Theological Seminary Library GETS Theological Seminary Library General Stacks 08/19/2020   BT202 .R174 1985 00003564 08/19/2020 08/19/2020 English Books
OpacCredits

Contact the Librarian, GETS Library
Email: library@mygets.org









Implemented by GETS Library
(Powered by ETCA Professional Group)
GETS Theological Seminary
412 E. Rowland Street, CA 91723